000 00588nam a2200229Ia 4500
003 OSt
005 20220918224739.0
006 a|||||r|||| 00| 0
007 ta
008 220917b |||||||| |||| 00| 0 eng d
024 _a233,999
037 _cTextual
040 _aARTS
_cARTS
_beng
041 _2eng
_aeng
082 _aR6x, M4
100 _aSinha K.P.
245 0 _aRefelextions on Indian philosophy
260 _aVaranasi
_bChaukhambha Orientalia India
_c1984
650 _aPHILOSOPHY
942 _hR6x, M4
_cTEXL
_2CC
999 _c282198
_d282198